ბათუმის შოთა რუსთაველის სახელმწიფო უნივერსიტეტის ბიბლიოთეკა

ტელეფონით საუბარი (ბიბ.ჩანაწერი № 49914)

000 -LEADER
fixed length control field 00728nam a2200229Ia 4500
001 - CONTROL NUMBER
control field 16850
003 - CONTROL NUMBER IDENTIFIER
control field GE_BSU
008 - FIXED-LENGTH DATA ELEMENTS--GENERAL INFORMATION
fixed length control field 181216s||||||||xx |||||||||||||| ||und||
040 ## - CATALOGING SOURCE
Transcribing agency GE_BSU
080 ## - UNIVERSAL DECIMAL CLASSIFICATION NUMBER
Universal Decimal Classification number 821.353.1-7
100 ## - MAIN ENTRY--PERSONAL NAME
Personal name გოგიაშვილი, კ.
245 ## - TITLE STATEMENT
Title ტელეფონით საუბარი
245 ## - TITLE STATEMENT
Remainder of title სატირა და იუმორი
245 ## - TITLE STATEMENT
Statement of responsibility, etc. რედ.ალ.შენგელია
260 ## - PUBLICATION, DISTRIBUTION, ETC.
Place of publication, distribution, etc. თბილისი
260 ## - PUBLICATION, DISTRIBUTION, ETC.
Name of publisher, distributor, etc. საბჭ. მწერალი
260 ## - PUBLICATION, DISTRIBUTION, ETC.
Date of publication, distribution, etc. 1960
300 ## - PHYSICAL DESCRIPTION
Extent 56გვ. ; 15სმ
653 ## - INDEX TERM--UNCONTROLLED
Uncontrolled term სატირა და იუმორი
653 ## - INDEX TERM--UNCONTROLLED
Uncontrolled term ტელეფონით საუბარი
942 ## - ADDED ENTRY ELEMENTS (KOHA)
Koha item type წიგნი
ეგზემპლარები
Withdrawn status Lost status Damaged status Not for loan Date acquired Barcode Date last seen Price effective from Koha item type
        2018-12-17 21864 2018-12-17 2018-12-17 წიგნი
        2018-12-17 21865 2018-12-17 2018-12-17 წიგნი